| Tag |
First Indicator |
Second Indicator |
Subfields |
| LEADER |
00000cam a2200000 4500 |
| 001 |
in00000052335 |
| 005 |
20151007070106.0 |
| 008 |
741211s1966 enk b 00000 eng u |
| 010 |
|
|
|a 66013387
|
| 035 |
|
|
|a (OCoLC)01107348
|
| 035 |
|
|
|9 AAE3318AM
|
| 040 |
|
|
|c CSU
|d TXA
|d UtOrBLW
|
| 049 |
|
|
|a TXAM
|c [465175]
|
| 050 |
0 |
0 |
|a QC174.5
|b .E3
|
| 082 |
1 |
|
|a 539.721
|
| 092 |
|
|
|a 539.721
|b E22a, 1966
|
| 100 |
1 |
|
|a Eden, R. J.
|q (Richard John)
|
| 245 |
1 |
4 |
|a The analytic S-matrix /
|c by R. J. Eden [and others].
|
| 264 |
|
1 |
|a Cambridge :
|b Cambridge U. P.,
|c 1966.
|
| 300 |
|
|
|a 287p :
|b tables.,diagrams ;
|c 24cm.
|
| 336 |
|
|
|a text
|b txt
|2 rdacontent
|
| 337 |
|
|
|a unmediated
|b n
|2 rdamedia
|
| 338 |
|
|
|a volume
|b nc
|2 rdacarrier
|
| 500 |
|
|
|a Collaborators: R. J. Eden, P. V. Landshoff, D. I. Olive, J. C. Polkinghorne.
|
| 504 |
|
|
|a Bibliography: pages 279-283.
|
| 650 |
|
0 |
|a S-matrix theory.
|
| 999 |
|
|
|a MARS
|
| 999 |
f |
f |
|s 9f5c266b-219d-3dcf-8b6b-78a4bc22c189
|i fed7074d-7906-3321-b71b-1f0d8ddb6e9c
|t 0
|
| 952 |
f |
f |
|p normal
|a Texas A&M University
|b College Station
|c Sterling C. Evans Library
|d Evans: Library Stacks
|t 0
|e QC174.5 .E3
|h Library of Congress classification
|i unmediated -- volume
|m A14800929772
|
| 998 |
f |
f |
|a QC174.5 .E3
|t 0
|l Evans: Library Stacks
|